<?xml version="1.0" encoding="UTF-8"?>
<record
    xmlns:xsi="http://www.w3.org/2001/XMLSchema-instance"
    xsi:schemaLocation="http://www.loc.gov/MARC21/slim http://www.loc.gov/standards/marcxml/schema/MARC21slim.xsd"
    xmlns="http://www.loc.gov/MARC21/slim">

  <leader>01710nam a22002057a 4500</leader>
  <controlfield tag="005">20260123112645.0</controlfield>
  <controlfield tag="008">240702b           ||||| |||| 00| 0 eng d</controlfield>
  <datafield tag="020" ind1=" " ind2=" ">
    <subfield code="a">9780349437026</subfield>
  </datafield>
  <datafield tag="040" ind1=" " ind2=" ">
    <subfield code="c">AL</subfield>
  </datafield>
  <datafield tag="041" ind1=" " ind2=" ">
    <subfield code="a">English</subfield>
  </datafield>
  <datafield tag="082" ind1=" " ind2=" ">
    <subfield code="2">23</subfield>
    <subfield code="b">YARI</subfield>
    <subfield code="a">813.54</subfield>
  </datafield>
  <datafield tag="100" ind1=" " ind2=" ">
    <subfield code="a">Rebecca Yarros</subfield>
    <subfield code="9">252367</subfield>
  </datafield>
  <datafield tag="245" ind1=" " ind2=" ">
    <subfield code="a">Iron Flame</subfield>
  </datafield>
  <datafield tag="260" ind1=" " ind2=" ">
    <subfield code="a">London</subfield>
    <subfield code="b">Piatkus little brown book group</subfield>
    <subfield code="c">2023</subfield>
  </datafield>
  <datafield tag="300" ind1=" " ind2=" ">
    <subfield code="a">623p</subfield>
    <subfield code="b">HB</subfield>
    <subfield code="c">25x16cm</subfield>
  </datafield>
  <datafield tag="365" ind1=" " ind2=" ">
    <subfield code="a">554</subfield>
    <subfield code="b">&#x20B9;1279.00</subfield>
    <subfield code="c">&#x20B9;</subfield>
    <subfield code="d">&#x20B9;1599.00</subfield>
    <subfield code="e">20%</subfield>
    <subfield code="f">01-05-2024</subfield>
  </datafield>
  <datafield tag="520" ind1=" " ind2=" ">
    <subfield code="a">She survived her first year at Basgiath War College . . . but the danger is only beginning.

Everyone expected Violet Sorrengail to die during her first year at Basgiath War College, Violet included. But Threshing was only the first impossible test meant to weed out the weak-willed, the unworthy, and the unlucky.
Now the real training begins, and Violet's already wondering how she'll get through. It's not just that it's grueling and maliciously brutal, or even that it's designed to stretch the riders' capacity for pain beyond endurance. It's the new vice commandant, who's made it his personal mission to teach Violet exactly how powerless she is - unless she betrays the man she loves.
Although Violet's body might be weaker and frailer than everyone else's, she still has her wits, and a will of iron. And leadership is forgetting the most important lesson Basgiath has taught her: Dragon riders make their own rules.
But a determination to survive won't be enough this year.
Because Violet knows the real secret hidden for centuries at Basgiath War College - and nothing, not even dragon fire, may be enough to save them in the end.</subfield>
  </datafield>
  <datafield tag="650" ind1=" " ind2=" ">
    <subfield code="a">American english fiction</subfield>
    <subfield code="9">172378</subfield>
  </datafield>
  <datafield tag="942" ind1=" " ind2=" ">
    <subfield code="2">ddc</subfield>
    <subfield code="c">BK</subfield>
  </datafield>
  <datafield tag="999" ind1=" " ind2=" ">
    <subfield code="c">231360</subfield>
    <subfield code="d">231360</subfield>
  </datafield>
  <datafield tag="952" ind1=" " ind2=" ">
    <subfield code="0">0</subfield>
    <subfield code="1">0</subfield>
    <subfield code="2">ddc</subfield>
    <subfield code="4">0</subfield>
    <subfield code="7">0</subfield>
    <subfield code="8">GEN</subfield>
    <subfield code="a">AL</subfield>
    <subfield code="b">AL</subfield>
    <subfield code="d">2024-05-14</subfield>
    <subfield code="e">Biblios Book Point Surathkal Mangalore 575014</subfield>
    <subfield code="g">1279.00</subfield>
    <subfield code="l">3</subfield>
    <subfield code="m">1</subfield>
    <subfield code="o">813.54 YARI</subfield>
    <subfield code="p">077198</subfield>
    <subfield code="r">2025-06-20 16:26:32</subfield>
    <subfield code="s">2025-04-02</subfield>
    <subfield code="v">1599.00</subfield>
    <subfield code="w">2024-05-01</subfield>
    <subfield code="y">BK</subfield>
  </datafield>
</record>
